| 000 | 00494nam a22001817a 4500 | ||
|---|---|---|---|
| 003 | OSt | ||
| 005 | 20140310182957.0 | ||
| 008 | 130208t xxu||||| |||| 00| 0 eng d | ||
| 050 |
_aHF 1416 _b.Ef34 1999 |
||
| 100 | _aEffron, Jack Edward | ||
| 245 |
_aInternational marketing / _cJack Edward Effron, Emmanuel T. Santos |
||
| 260 |
_aMakati : _bI/AME Design Studio, _c1999. |
||
| 300 |
_a150 p. : _c23 cm. |
||
| 521 | _aBSBA | ||
| 650 | _aMarketing. | ||
| 942 |
_2lcc _cBK _kLOC |
||
| 999 |
_c18032 _d18032 |
||